Estudio de prefactibilidad para la instalación de una planta procesadora de medicamentos de consumo humano, laboratorio American Pharma S.A
Presenta un proyecto de instalación de un laboratorio que produzca medicamentos básicos de consumo humano sin necesidad de prescripción médica y de libre venta, realizando un estudio muy completo que enfoca un estudio de mercado, estudio técnico, estudio financiero y evaluación financiera con...
| Main Authors: | , |
|---|---|
| Other Authors: | |
| Format: | Tesis Section = Libro |
| Language: | Undetermined Spanish |
| Published: |
Managua
UNI
2009
|
| Subjects: |
| LEADER | 01203nam a2200265Ia 4500 | ||
|---|---|---|---|
| 008 | 240830s9999 xx 000 0 und d | ||
| 040 | |a BIBLIOTECA-RUPAP Mon 615.19 Z49 | ||
| 041 | |a spa | ||
| 082 | |a Mon 615.19 Z49 | ||
| 100 | 1 | |a Zeledón Báez, Cecilia Esmeralda | |
| 100 | 1 | |b Norori Linarte, Erick Gabriel | |
| 245 | 1 | 0 | |a Estudio de prefactibilidad para la instalación de una planta procesadora de medicamentos de consumo humano, laboratorio American Pharma S.A |
| 260 | |a Managua |b UNI |c 2009 | ||
| 300 | |a 199 p. :il. | ||
| 500 | |a Contiene: anexos. | ||
| 502 | |a Tesis (Ingeniero Industrial)- UNI, 2009. | ||
| 520 | 3 | |a Presenta un proyecto de instalación de un laboratorio que produzca medicamentos básicos de consumo humano sin necesidad de prescripción médica y de libre venta, realizando un estudio muy completo que enfoca un estudio de mercado, estudio técnico, estudio financiero y evaluación financiera con un análisis de sensibilidad. | |
| 650 | 7 | |a FARMACOLOGÍA | |
| 650 | 7 | |b MEDICAMENTOS | |
| 650 | 7 | |c MERCADEO INVESTIGACIONES | |
| 650 | 7 | |d ANÁLISIS FINANCIERO | |
| 700 | 1 | |a Tutor: |b López Guadamuz, Juan José | |
| 942 | |c BK |2 ddc | ||
| 991 | |a TESIS | ||
| 999 | |c 15671 | ||